00353nam a22000977a 4500008004100000082001800041245012500059260003700184300001000221710002400231230609b xxu||||| |||| 00| 0 eng d a354.6200bGOK a Report of the Public Accounts Committee on the Government of Kenya Accounts for the Year 2006/2007cGovernment of Kenya aKenyabGovernment of Kenyac2007 a882 p bGovernment of Kenya